[Event "Railway 5 Countries 32nd"]
[Site "Berlin"]
[Date "2022.09.17"]
[Round "5.5"]
[White "Smidt Nielsen, Henrik"]
[Black "Kuhn, Gerd"]
[Result "1-0"]
[WhiteElo "1881"]
[BlackElo "2049"]
[PlyCount "77"]
[EventDate "2022.09.15"]
[EventType "team-tourn"]
[EventRounds "5"]
[EventCountry "GER"]
[SourceTitle "CBM 210 Extra"]
[Source "ChessBase"]
[SourceDate "2022.11.30"]
[SourceVersion "1"]
[SourceVersionDate "2022.11.30"]
[SourceQuality "1"]
[WhiteTeam "Denmark"]
[BlackTeam "Germany"]
[WhiteTeamCountry "DEN"]
[BlackTeamCountry "GER"]

1. d4 Nf6 2. Nf3 d5 3. c4 c6 4. Nc3 e6 5. e3 Nbd7 6. Bd3 dxc4 7. Bxc4 b5 8. Bb3 b4 9. Na4 Ba6 10. Bd2 Rc8 11. Rc1 Ne4 12. Bc4 Qa5 13. b3 Nb6 14. Nxb6 Qxb6 15. 0-0 Bd6 16. Qe2 Bxc4 17. bxc4 c5 18. Rc2 0-0 19. Qd3 f5 20. Rd1 a5 21. Qb3 Qc6 22. a4 g5 23. h4 g4 24. Ng5 Nxg5 25. hxg5 Be7 26. d5 Qa6 27. e4 fxe4 28. Qg3 exd5 29. Qxg4 d4 30. Qxe4 Rf7 31. Re1 Qc6 32. Qg4 Re8 33. Re6 Qxa4 34. Rc1 Rg7 35. Rce1 Qc2 36. Qh5 Qxd2 37. Qxe8+ Bf8 38. g6 Qg5 39. Qxf8+ 1-0

[Event "Koge Xtracon op"]
[Site "Koge"]
[Date "2015.10.13"]
[Round "2"]
[White "Smidt Nielsen, Henrik"]
[Black "Nielsen, Bjorn1111"]
[Result "1-0"]
[WhiteElo "1908"]
[BlackElo "1358"]
[PlyCount "101"]
[EventDate "2015.10.12"]
[EventType "swiss"]
[EventRounds "9"]
[EventCountry "DEN"]
[SourceTitle "CBM 168 Extra"]
[Source "ChessBase"]
[SourceDate "2015.10.29"]
[SourceVersion "1"]
[SourceVersionDate "2015.10.29"]
[SourceQuality "1"]

1. e4 e5 2. Nf3 Nc6 3. Bb5 Nf6 4. d3 d6 5. h3 Be7 6. Be3 0-0 7. c3 Bd7 8. Nbd2 a6 9. Ba4 b6 10. 0-0 a5 11. Nh2 Qe8 12. Bc2 Nd8 13. d4 exd4 14. cxd4 Bb5 15. Re1 Kh8 16. f4 g6 17. Ndf3 Rg8 18. d5 Bf8 19. Bd4 Bg7 20. Ng4 Nh5 21. Bxg7+ Nxg7 22. Nf6 Qf8 23. Nxg8 Kxg8 24. Kh2 Nb7 25. a4 Ba6 26. Qd2 Nc5 27. Rad1 Re8 28. e5 dxe5 29. fxe5 Bc4 30. Qf4 Bb3 31. Bxb3 Nxb3 32. d6 cxd6 33. Rxd6 Ne6 34. Qc4 Nbc5 35. Rxb6 Rc8 36. Qb5 Ra8 37. Rc1 Ne4 38. Qd3 N4g5 39. Nxg5 Nxg5 40. Rbc6 Kg7 41. Qd6 Ne6 42. Qxf8+ Nxf8 43. Rc8 Ra7 44. R8c7 Ra8 45. Rf1 Kh6 46. Rfxf7 Rb8 47. h4 Kh5 48. Kh3 Rb3+ 49. Rc3 Rb8 50. e6 Nxe6 51. Rxh7# 1-0

[Event "Koge 3+ EMT"]
[Site "Koge"]
[Date "2013.04.23"]
[Round "6"]
[White "Smidt Nielsen, Henrik"]
[Black "Larsen, Ulrik"]
[Result "1/2-1/2"]
[WhiteElo "1853"]
[BlackElo "1971"]
[PlyCount "71"]
[EventDate "2013.02.12"]
[EventType "tourn"]
[EventRounds "7"]
[EventCountry "DEN"]
[SourceTitle "EXT 2023"]
[Source "ChessBase"]
[SourceDate "2022.10.05"]
[SourceVersion "1"]
[SourceVersionDate "2022.10.05"]
[SourceQuality "1"]

1. Nf3 Nf6 2. d4 c5 3. d5 g6 4. c4 d6 5. Nc3 e6 6. g3 exd5 7. cxd5 Bg7 8. Bg2 0-0 9. 0-0 Re8 10. Nd2 a6 11. a4 Nbd7 12. h3 Rb8 13. a5 b5 14. axb6 Nxb6 15. e4 Nfd7 16. Qc2 c4 17. Na4 Nxa4 18. Rxa4 Ne5 19. b3 Bd7 20. Ra3 cxb3 21. Nxb3 Bb5 22. Rd1 Rc8 23. Qb1 Be2 24. Rd2 Nf3+ 25. Bxf3 Bxf3 26. Nc5 Rxc5 27. Rxf3 Rb5 28. Qd3 Qb6 29. Rd1 Rc8 30. Be3 Qc7 31. Bd4 Qc4 32. Bxg7 Qxd3 33. Rfxd3 Kxg7 34. Ra3 a5 35. Rda1 Rbc5 36. Kg2 1/2-1/2